000 00570nam a22001937a 4500
003 KOHA_MİRAKIL
005 20251116164600.0
008 251116b tu ||||| |||| 00| 0 tur d
020 _a9786052022528
040 _aTR-AnABB
_btur
_cTR-AnABB
041 _atur
082 _a833.912
_bZWE 2018
100 1 _aZweig, Stefan,
245 1 0 _aBir kadının yaşamından yirmi dört saat /
_cStefan Zweig
260 _aİstanbul :
_bİlgi Kültür Sanat Yayıncılık,
_c2018
300 _a87 sayfa ;
_c21 cm
650 0 4 _aAlman edebiyatı, roman
942 _2ddc
_cBK
999 _c9456
_d9456
900 _bGizem YORULMAZ